Every Fifth Harmony Song on the Billboard Hot 100 - Statistics

General Stats
  • This quiz has been taken 55 times
    45 since last reset
  • The average score is 6 of 8
Answer Stats
# Year Song % Correct
4 2016 Work From Home ft. Ty Dolla $ign
100%
12 2015 Worth It ft. Kid Ink
89%
24 2016 All In My Head (Flex) ft. Fetty Wap
70%
43 2014 Bo$$
70%
40 2015 Sledgehammer
70%
73 2016 That's My Girl
68%
42 2017 Down ft. Gucci Mane
62%
76 2013 Miss Movin' On
62%
No matching quizzes found
Score Distribution
Percent of People with Each Score
Percentile by Number Answered
Your Score History
You have not taken this quiz since the last reset